000 00384nam a2200109Ia 4500
008 171211s9999 xx 000 0 und d
245 _aAmerican Art in the 20th Century: Painting and Sculpture 1913-1993 (Art & Design)
245 _cChristos M. Joachimides, David Anfam, and Norman Rosenthal
260 _c1993
650 _xART
856 _uhttp://down.ebook777.com/062/3791312618.pdf
999 _c348555
_d348555